| 000 | 00524nam a2200193Ia 4500 | ||
|---|---|---|---|
| 003 | GCL | ||
| 008 | 140319s9999 xx 000 0 eng d | ||
| 040 |
_aGCL / _cGCL |
||
| 082 | 0 | 4 |
_a530.15 _bG N |
| 100 | 1 | _aGARCIA, ALEJANDRO L. | |
| 245 | 1 | 0 |
_aNUMERICAL METHODS FOR PHYSICS / _cGARCIA, ALEJANDRO L. |
| 260 |
_a[S.N] : _bPRENTICE HALL, INC ، _c1994 |
||
| 300 | _a368 P | ||
| 650 | 0 | 4 | _aPHYSICS |
| 650 | 0 | 4 | _aMATHEMATICAL PHYSICS |
| 650 | 0 | 4 | _aNUMERICAL CALCULATION |
| 650 | 0 | 4 | _aNUMERICAL SOLUTIONS |
| 942 |
_2ddc _cBK |
||
| 999 |
_c19835 _d19835 |
||